1096 1504 1809 1093 1573 1555 1180 1818 1461 1117 1151 1981 1035 1291 1225 1287 1276 1229 1926 1642 1137 1878 1359 1578 1928 1462 1648 1192 1093 1313 1307 1641 1392 1669 1192 1817 1508 1648 1389 1688 1922 1395 1592 1253 1071 1004 1166 1962 1514 1876 1941 1036 1386 1316 1910 1091 1153 1400 1074 1430 1219 1524 1079 1944 1116 1300 1511 1506 1020 1672 1827 1761 1251 1726 1815 1472 1591 1420 1482 1265 1182 1656 1903 1590 1985 1853 1025 1793 1774 1602 1675 1623 1070 1938 1406 1150 1769 1281 1968 BCNSPRNW ULIB Ver.6.0+V

เปลี่ยนเป็นภาษาไทย

Change to English
 แสดงรายละเอียดบรรณานุกรม
  กลับหน้าหลัก

Brief Record : Get Marc (ISO 2709) : E-mail record : QR code < ปิดหน้าต่าง
LEADER : 00000nam 2200000uu 4500
001    13399111921
003     ULIB
008    110627s2550||||th 000 0 tha d
020    9789748027791
090    นว.^bส988ล 2550
100 0  โสภี พรรณราย
245 00 ลิลลี่สีกุหลาบ/^cโสภี พรรณราย
250    พิมพ์ครั้งที่ 1
260    กรุงเทพฯ :^bบิวตี้บุ๊ค,^c2550
300    332 หน้า
710 1  บิวตี้บุ๊ค
945    ^p230^l0^i022039
995    ทศพร
999 ^a ใช้งานได้ทุกระบบ
รายการนี้ยังไม่มีแท็ก
คุณยังไม่ได้ล็อกอิน คุณสามารถมีกิจกรรมร่วมกับเว็บไซต์ได้ แต่ต้องล็อกอินก่อน ::
  ล็อกอิน

รายการสื่อสารสนเทศ

ลำดับที่ ประเภท เลขเรียก/บาร์โค้ด สถานที่ สถานะ
- ไม่พบข้อมูล -

รายการใกล้เคียง
    ผู้แต่ง [โสภี พรรณราย]

BibComment


ยังไม่เคยถูกคอมเมนท์

คอมเมนท์ทรัพยากรรายการนี้
  คอมเมนท์: ลิลลี่สีกุหลาบ โส..


 Copyright 2026. Bcnsprnw @Library